000 00632nam a2200205 i 4500
001 bg
100 1 _aWAJNRYB, Ruth
245 0 _aClassroom observation tasks :
_ba resoure book for language teachers and trainers /
_cRuth Wajnryb.
260 _aCambridge :
_bCambridge University Press,
_c1992.
300 _a145 s. :
_brys. ;
_c23 cm.
490 1 _aCambridge Teacher Training and Development
830 _aCambridge Teacher Training and Development
020 _a0521407222
040 _cBPK
041 _apol
080 _a802.0(07)
920 _a0-521-40722-2
942 _cKS
008 s pl f |000 0 pol
999 _c29864
_d29864
856 _uhttp://koha.tu.koszalin.pl/cgi-bin/koha/opac-detail.pl?biblionumber=29864
_yKatalog online BPK